Upper Albian ammonites from locality Považský Chlmec near Žilina (Klape unit., Klippen Belt, Slovakia)

Bibliographic Details
Main Authors: Vašíček, Zdeněk, 1937- (Author), Rakús, Miloslav, 1934-2005 (Author)
Format: Article
Language:English
PhysicalDescription:Fotogr. 3, obr. 2, res. slov., lit. 21 zázn. v angl., nem., slov.
ISBN:ISSN 01397435
Subjects:

MARC

LEADER 00000nab a2200000 a 4500
001 vtls000574219
003 SK-MaSNL
005 20260318125010.0
008 120929c1993 xo 0 eng
015 |a SNBRA19rr/mm-uuuuu 
035 |a CL0574357 
040 |a SNKBUCL  |b slo  |c SNKBUCL  |e AACR2 
041 0 |a eng 
044 |a xo  |c SK 
080 |a 564.53(234.372.3)"6153":551.763.1(234.372.3)  |2 1981 
080 |a 551.763.1(234.372.3)  |2 1981 
100 1 |a Vašíček, Zdeněk,  |d 1937-  |4 aut  |9 121730 
245 1 0 |a Upper Albian ammonites from locality Považský Chlmec near Žilina (Klape unit., Klippen Belt, Slovakia)  |c Zdeněk Vašíček, Miloš Rakús 
300 |b Fotogr. 3, obr. 2, res. slov., lit. 21 zázn. v angl., nem., slov. 
650 0 7 |a amonity  |2 snkbucl  |9 93540 
650 0 7 |a alb vrchný  |2 snkbucl  |9 1300737 
651 7 |a Považský Chlmec (Žilina, Slovensko)  |2 snkbucl  |9 73654 
655 7 |a články zo zborníkov  |2 snkbucl  |9 166140 
700 1 |a Rakús, Miloslav,  |d 1934-2005  |4 aut  |9 263377 
773 0 |t Západné Karpaty. Séria paleontológia 17  |d Bratislava : Geologický ústav D. Štúra, 1993  |g S. 41-56  |z ISSN 01397435 
850 |a Slovenská národná knižnica v Martine  |a MTA001 
852 |a SNK  |b KIS3GCP 
958 |a RK 
958 |a NB 
958 |a SK 
992 |a RZB 
999 |c 2609974  |d 2611904